Central Library OPAC University of Rajshahi

Africa / (Record no. 23447)

MARC details
000 -LEADER
fixed length control field 00788nam a22002772 4500
001 - CONTROL NUMBER
control field 23447
003 - CONTROL NUMBER IDENTIFIER
rucl marc code BD-RjUL
005 - DATE AND TIME OF LATEST TRANSACTION
control field 20211209000930.0
008 - FIXED-LENGTH DATA ELEMENTS--GENERAL INFORMATION
fixed length control field 140310s1963 enkab 001 0 eng
035 ## - SYSTEM CONTROL NUMBER
System control number (BD-RjUL)23512
040 ## - CATALOGING SOURCE
Original cataloging agency DLC
Transcribing agency IAZ
Modifying agency BD-RjUL
Language of cataloging eng
041 ## - LANGUAGE CODE
Language code of text/sound track or separate title eng
082 04 - DEWEY DECIMAL CLASSIFICATION NUMBER
Classification number 916
Edition number 18
Author mark and year SHA 1963
100 1# - MAIN ENTRY--PERSONAL NAME
Personal name Sherriff, D. A.
Fuller form of name (David Allan)
9 (RLIN) 72211
245 10 - TITLE STATEMENT
Title Africa /
Statement of responsibility, etc. by D. A. Sherriff.
250 ## - EDITION STATEMENT
Edition statement 2nd ed.
260 ## - PUBLICATION, DISTRIBUTION, ETC. (IMPRINT)
Place of publication, distribution, etc. London :
Name of publisher, distributor, etc. Oxford University Press,
Date of publication, distribution, etc. 1963.
300 ## - PHYSICAL DESCRIPTION
Pagination 95 p. :
Illustrations illus., col. maps. ;
Size 26 cm.
490 1# - SERIES STATEMENT
Series statement Oxford visual geographies
504 ## - BIBLIOGRAPHY, ETC. NOTE
Bibliography, etc Includes index.
651 #0 - SUBJECT ADDED ENTRY--GEOGRAPHIC NAME
Geographic name Africa
General subdivision Description and travel.
9 (RLIN) 543
830 #0 - SERIES ADDED ENTRY--UNIFORM TITLE
Uniform title Oxford visual geographies
942 ## - ADDED ENTRY ELEMENTS (KOHA)
Source of classification or shelving scheme Dewey Decimal Classification
Koha item type Books
Holdings
Lost status Source of classification or shelving scheme Damaged status Not for loan Collection code Permanent Location Current Location Shelving location Date acquired Source of acquisition Cost, normal purchase price Total Checkouts Full call number Date last seen Copy number Koha item type
  Dewey Decimal Classification   Added to bundle Non-fiction Central Library, University of Rajshahi Central Library, University of Rajshahi Reading Room 30/11/1965 Zeitlinger 16.60   916 SHA 1963 10/03/2014 C-1 Books